Państwa Austro-Węgier - Statystyki

Ogólne statystyki
  • Ten quiz został rozwiązany 316 razy
    179 od ostatniego zresetowania
  • Średni wynik to 12 z 13
Statystyki odpowiedzi
Państwa % Poprawnych
Austria
99%
Węgry
99%
Czechy
95%
Polska
95%
Słowacja
95%
Chorwacja
93%
Słowenia
93%
Serbia
91%
Bośnia i Hercegowina
87%
Rumunia
87%
Ukraina
85%
Włochy
80%
Czarnogóra
79%
Nie znaleziono quizów pasujących do podanych kryteriów
Rozkład punktacji
Procent ludzi z każdym wynikiem
Percentyl według liczby udzielonych odpowiedzi
Twoja historia wyników
Nie rozwiązałeś tego quizu od ostatniego zresetowania